[Event "Detroit (MCO/DEU/6/3)"]
[Site "?"]
[Date "1994.??.??"]
[Round "?"]
[White "Williams, C."]
[Black "Card, A."]
[Result "0-1"]
[WhiteElo "1605"]
[BlackElo "1605"]
[PlyCount "101"]
[EventDate "1994.??.??"]

{6/(3)} 1. e4 c5 2. Nc3 Nc6 3. g3 Nf6 4. Bg2 d6 5. d3 Bg4 6. Nge2 Nd4 7. h3 Bf3
8. Kf1 Bh5 9. g4 Bg6 10. Nxd4 cxd4 11. Ne2 e5 12. f4 h5 13. g5 Ng8 14. f5 Bh7
15. Ng1 g6 16. f6 Nxf6 17. gxf6 Qxf6+ 18. Nf3 Rg8 19. Bg5 Qg7 20. Ke2 f6 21.
Bd2 g5 22. Rf1 g4 23. hxg4 Be7 24. Rf2 hxg4 25. Nh4 g3 26. Rf3 Qg4 27. Qh1 Kf7
28. Qh3 Qxh3 29. Bxh3 Bg6 30. Bg4 Rh8 31. Ng2 Rag8 32. Rxg3 f5 33. Rf1 f4 34.
Nxf4 exf4 35. Rxf4+ Ke8 36. Bf3 Kd7 37. e5 Bxd3+ 38. Kxd3 Rxg3 39. Kc4 Rc8+ 40.
Kd3 dxe5 41. Rf7 Rf8 42. Rxf8 Bxf8 43. Ke4 Ke6 44. Be1 Rg1 45. Bf2 Rb1 46. Bg4+
Kd6 47. Bg3 Bg7 48. Be2 Rxb2 49. Bc4 Rxc2 50. Bb3 Rc3 51. Bf2 0-1

[Event "Detroit (MOR/2/61)"]
[Site "?"]
[Date "1994.??.??"]
[Round "?"]
[White "Williams, C."]
[Black "Biondo, Albert"]
[Result "0-1"]
[WhiteElo "1605"]
[BlackElo "1605"]
[PlyCount "30"]
[EventDate "1994.??.??"]

{2/(61)} 1. e4 e5 2. Bc4 Nf6 3. d3 a6 4. a3 b5 5. Ba2 Bc5 6. Nc3 d6 7. Nge2
Bxf2+ 8. Kxf2 Ng4+ 9. Ke1 Qh4+ 10. g3 Qh3 11. Rf1 O-O 12. Nd5 Nxh2 13. Rf2 Bg4
14. Kd2 c5 15. Qh1 Nf3+ 0-1

[Event "Detroit (MCO/DEU/4/2)"]
[Site "?"]
[Date "1994.??.??"]
[Round "?"]
[White "Williams, C."]
[Black "Abdul, A."]
[Result "1-0"]
[WhiteElo "1605"]
[BlackElo "1605"]
[PlyCount "63"]
[EventDate "1994.??.??"]

{4/(2)} 1. e4 e5 2. Bc4 c6 3. Nc3 Nf6 4. d3 Bb4 5. Bd2 d5 6. Bb3 Bg4 7. f3 Be6
8. a3 Ba5 9. f4 exf4 10. Bxf4 d4 11. Bxe6 dxc3 12. b4 fxe6 13. bxa5 Qxa5 14.
Ne2 O-O 15. O-O Nbd7 16. Bd6 Rf7 17. Nd4 e5 18. Nf5 Qb6+ 19. Kh1 Re8 20. Qf3
Kh8 21. g4 c5 22. Qh3 Ng8 23. Rf3 g6 24. Nh6 Rxf3 25. Qxf3 Qxd6 26. Nf7+ Kg7
27. Nxd6 Rf8 28. Qg2 b6 29. Rf1 Rxf1+ 30. Qxf1 Nh6 31. g5 Nf5 32. exf5 1-0

[Event "Detroit (MCO/B/3a/5)"]
[Site "?"]
[Date "1994.??.??"]
[Round "?"]
[White "Whitworth, M."]
[Black "Sattler, Peter"]
[Result "0-1"]
[WhiteElo "1630"]
[BlackElo "1735"]
[PlyCount "102"]
[EventDate "1994.??.??"]

1. e4 c5 2. Nf3 d6 3. Nc3 Nc6 4. Bc4 Nf6 5. d4 cxd4 6. Nxd4 a6 7. O-O e5 8. Nb3
Be7 9. Bg5 b5 10. Bxf7+ Kxf7 11. Bxf6 Kxf6 12. f4 g6 13. Qd5 Qb6+ 14. Kh1 Kg7
15. fxe5 Nxe5 16. Qxa8 Bb7 17. Nd5 Bxa8 18. Nxb6 Bxe4 19. Rad1 Bxc2 20. Rc1 Bd3
21. Rfe1 Bh4 22. Rc7+ Kh6 23. Rec1 Bg5 24. Rd1 Rf8 25. Nd7 Rf2 26. Nxe5 dxe5
27. h4 Bf4 28. Nc5 Bc2 29. Re1 e4 30. Rf7 e3 31. Rxf4 Rxf4 32. Rxe3 Rxh4+ 33.
Kg1 a5 34. g3 Rc4 35. Rc3 Rxc3 36. bxc3 Kg5 37. Ne6+ Kg4 38. Kf2 Bb1 39. a3 a4
40. Nf4 g5 41. Nd5 Bd3 42. Ne3+ Kh3 43. g4 Be4 44. Ke2 Kg3 45. Ke1 Kf3 46. Kd2
Kg3 47. Ke2 Bf3+ 48. Kd3 Bxg4 49. Nxg4 Kxg4 50. Kd4 h5 51. Kc5 h4 0-1

[Event "Romulus (RVO/3/8)"]
[Site "?"]
[Date "1994.??.??"]
[Round "?"]
[White "Whitworth, M."]
[Black "Moody, David"]
[Result "0-1"]
[WhiteElo "1630"]
[BlackElo "2000"]
[PlyCount "84"]
[EventDate "1994.??.??"]

{3/(8)} 1. e4 e5 2. Nf3 Nc6 3. Bc4 Nf6 4. Nc3 Nxe4 5. Bxf7+ Kxf7 6. Nxe4 d5 7.
Neg5+ Kg8 8. d4 h6 9. Nh3 Bg4 10. dxe5 Nxe5 11. Nhg1 Bc5 12. Bf4 Nxf3+ 13. Nxf3
Qe7+ 14. Kf1 c6 15. Qd3 Rf8 16. Re1 Qf7 17. g3 g5 18. Ne5 Bh3+ 19. Kg1 Qg7 20.
Qc3 Bxf2+ 21. Kxf2 gxf4 22. Rhg1 fxg3+ 23. Ke2 Bg4+ 24. Nxg4 Qxg4+ 25. Kd2 Rf2+
26. Kc1 Qf4+ 27. Kb1 g2 28. Qg3+ Qxg3 29. hxg3 Kg7 30. b3 Rhf8 31. Kb2 R8f7 32.
Re3 Rd2 33. Rge1 Rf1 34. Re7+ Kf6 35. R1e6+ Kf5 36. g4+ Kf4 37. Rf6+ Kg5 38.
Rf5+ Rxf5 39. gxf5 Kf6 40. Re1 Rf2 41. Rg1 Kxf5 42. Kc3 Ke4 0-1

[Event "Detroit (MCO/B/7/4)"]
[Site "?"]
[Date "1994.??.??"]
[Round "?"]
[White "Whitworth, M."]
[Black "Blake, J."]
[Result "0-1"]
[WhiteElo "1630"]
[BlackElo "1720"]
[PlyCount "50"]
[EventDate "1994.??.??"]

{7/(4)} 1. d4 d5 2. c4 e6 3. Nc3 f5 4. Nf3 c6 5. c5 Be7 6. Bf4 Nf6 7. e3 O-O 8.
h4 Ne4 9. h5 Nd7 10. Nxe4 fxe4 11. Nd2 e5 12. Bg3 Bf6 13. Nb3 b6 14. Be2 bxc5
15. Nxc5 Nxc5 16. dxc5 Qa5+ 17. Kf1 Qxc5 18. Rc1 Qb6 19. Bh4 Bxh4 20. Rxh4 Qxe3
21. Qe1 Rxf2+ 22. Qxf2 Qxc1+ 23. Qe1 Qxe1+ 24. Kxe1 Be6 25. b4 a5 0-1

[Event "Romulus (RVO/1/29)"]
[Site "?"]
[Date "1994.??.??"]
[Round "?"]
[White "Whitaker, Deshontae"]
[Black "Moore, Robert"]
[Result "0-1"]
[WhiteElo "1605"]
[BlackElo "1700"]
[PlyCount "78"]
[EventDate "1994.??.??"]

{1/(29)} 1. e4 c5 2. Nc3 d6 3. Nf3 Nf6 4. Bc4 e6 5. O-O a6 6. d4 cxd4 7. Nxd4
Be7 8. Qf3 O-O 9. Qg3 d5 10. exd5 exd5 11. Be2 Bd6 12. Qd3 Nc6 13. Nxc6 bxc6
14. Bf3 Qc7 15. g3 Re8 16. Ne2 Ng4 17. Nd4 Ne5 18. Qd1 Nxf3+ 19. Qxf3 Bh3 20.
Rd1 Qd7 21. Qc3 Qe7 22. b3 Bb4 23. Nxc6 Bxc3 24. Nxe7+ Rxe7 25. Rb1 Rae8 26.
Ba3 Re2 27. Bc5 d4 28. b4 Rxc2 29. Bxd4 Bxd4 30. Rxd4 Rxa2 31. b5 axb5 32. Rdb4
Rae2 33. f3 f6 34. Rxb5 Rg2+ 35. Kh1 Ree2 36. Rb8+ Kf7 37. R8b4 Rxh2+ 38. Kg1
Reg2+ 39. Kf1 Rh1# 0-1

[Event "Detroit (Beg/3/2)"]
[Site "?"]
[Date "1994.??.??"]
[Round "?"]
[White "Whitaker, Deshontae"]
[Black "Khraizat, Ali"]
[Result "0-1"]
[WhiteElo "1605"]
[BlackElo "1605"]
[PlyCount "144"]
[EventDate "1994.??.??"]

{3/(2)} 1. e4 e6 2. Nf3 d5 3. exd5 exd5 4. Nc3 Bg4 5. Be2 Nf6 6. d4 Bb4 7. Bg5
Bxc3+ 8. bxc3 O-O 9. O-O h6 10. h3 hxg5 11. hxg4 Nxg4 12. Nxg5 Qxg5 13. Bxg4
Nc6 14. Qf3 Ne7 15. Rae1 Ng6 16. Bf5 Nh4 17. Qg4 Qxf5 18. Qxh4 Qxc2 19. Re7
Qxc3 20. Rb1 b6 21. Rb3 Qc1+ 22. Kh2 Qh6 23. Qxh6 gxh6 24. Rxc7 Rfe8 25. Rb5
Red8 26. Rb3 Rdc8 27. Rxc8+ Rxc8 28. Rg3+ Kh7 29. Rf3 Kg8 30. Rg3+ Kf8 31. Rh3
Rc2 32. Rxh6 Rxa2 33. Rd6 b5 34. Rxd5 b4 35. Rb5 a5 36. Rb8+ Kg7 37. d5 Rd2 38.
Rb5 b3 39. Rxa5 b2 40. Rb5 Rxf2 41. d6 Rd2 42. Rb6 f5 43. Kg3 Kf7 44. Kf4 Ke6
45. g3 Kd5 46. d7 Kc4 47. Rb7 Kc3 48. Kxf5 Rxd7 49. Rb6 Rd4 50. g4 Rb4 51. Rc6+
Kb3 52. Re6 b1=Q+ 53. Kg5 Rb5+ 54. Kf6 Qf1+ 55. Ke7 Rb7+ 56. Kd6 Qa6+ 57. Ke5
Rb6 58. Rxb6+ Qxb6 59. g5 Qd8 60. Kf5 Qf8+ 61. Kg6 Qg8+ 62. Kh6 Kc4 63. g6 Kd5
64. g7 Ke6 65. Kg6 Ke7 66. Kh6 Kf6 67. Kh5 Qxg7 68. Kh4 Kf5 69. Kh3 Kf4 70. Kh2
Kf3 71. Kh1 Kf2 72. Kh2 Qh7# 0-1

[Event "Romulus (RVO/5/32)"]
[Site "?"]
[Date "1994.??.??"]
[Round "?"]
[White "Whitaker, Deshontae"]
[Black "Jaynes, A."]
[Result "1-0"]
[WhiteElo "1605"]
[BlackElo "1605"]
[PlyCount "53"]
[EventDate "1994.??.??"]

{5/(32)} 1. e4 e5 2. Bc4 Nf6 3. Qf3 Nc6 4. d3 Nd4 5. Qd1 d6 6. Nf3 Bg4 7. Nbd2
d5 8. exd5 Nxd5 9. O-O Qd6 10. c3 Nxf3+ 11. Nxf3 Qg6 12. Qe2 O-O-O 13. h3 Nf4
14. Bxf4 exf4 15. hxg4 Qxg4 16. Nd4 Bd6 17. Qxg4+ Kb8 18. Qxg7 Rhg8 19. Qxf7
Rdf8 20. Qxh7 Bc5 21. Bxg8 Bd6 22. Ne6 Re8 23. Rae1 Be7 24. Nxf4 a6 25. Rxe7
Rxe7 26. Qxe7 c6 27. g4 1-0

[Event "Detroit (Beg/1/5)"]
[Site "?"]
[Date "1994.??.??"]
[Round "?"]
[White "Whitaker, Deshontae"]
[Black "Huizar, F."]
[Result "1-0"]
[WhiteElo "1605"]
[BlackElo "1605"]
[PlyCount "55"]
[EventDate "1994.??.??"]

{1/(5)} 1. e4 e5 2. Nf3 Nc6 3. Bc4 Nf6 4. Ng5 Nxe4 5. Nxf7 Qf6 6. O-O Rg8 7.
Bd5 Na5 8. Qe1 Bc5 9. Qxe4 c6 10. Qxh7 Rf8 11. Nc3 d6 12. Qh5 g6 13. Qh7 Be6
14. Bxe6 Qxe6 15. Ng5 Qf6 16. Nge4 Qf5 17. Nxc5 dxc5 18. Qc7 b6 19. d3 Rc8 20.
Qxa7 Rf7 21. Qxb6 Ra8 22. Qxc5 Nb7 23. Qxc6+ Rd7 24. Nd5 Na5 25. Qxa8+ Rd8 26.
Qxa5 Kd7 27. Qc7+ Ke8 28. Qe7# 1-0

[Event "Romulus (RVO/3/33)"]
[Site "?"]
[Date "1994.??.??"]
[Round "?"]
[White "Whitaker, Deshontae"]
[Black "Gatesy, Matthew"]
[Result "0-1"]
[WhiteElo "1605"]
[BlackElo "1605"]
[PlyCount "126"]
[EventDate "1994.??.??"]

{3/(33)} 1. e4 e5 2. Nf3 Nc6 3. Bb5 Nf6 4. Bxc6 dxc6 5. Nxe5 Bd6 6. d4 Bxe5 7.
dxe5 Qxd1+ 8. Kxd1 Nxe4 9. Ke2 O-O 10. f3 Nc5 11. Re1 Bf5 12. b3 Rad8 13. Ba3
b6 14. b4 Nd7 15. b5 c5 16. Nd2 Nxe5 17. Kf1 Rxd2 18. Rxe5 Bxc2 19. Rae1 Rd1
20. Rxd1 Bxd1 21. Bc1 f6 22. Re7 Bc2 23. Kg1 Rd8 24. Kf2 Rd1 25. Be3 h5 26. Kg3
c4 27. Rxc7 Bd3 28. Rxa7 c3 29. Rb7 Re1 30. Kf4 g5+ 31. Kg3 Rxe3 32. Rxb6 c2
33. Rc6 Re5 34. b6 Rb5 35. Rc8+ Kg7 36. Rc7+ Kg6 37. a4 Rxb6 38. a5 Ra6 39. Kf2
Rxa5 40. Ke3 Bf5 41. g4 hxg4 42. fxg4 Ra3+ 43. Kd2 Rd3+ 44. Kc1 Rd1+ 45. Kb2
Rb1+ 46. Ka3 c1=Q+ 47. Rxc1 Rxc1 48. gxf5+ Kxf5 49. Kb2 Rc5 50. Kb3 Ke5 51. Kb4
Kd5 52. Kb3 Rc4 53. Kb2 Kd4 54. Kb3 Kd3 55. Kb2 Rc3 56. Kb1 Rc2 57. Ka1 Kc3 58.
Kb1 Kb3 59. h3 Rh2 60. Kc1 Kc3 61. Kd1 Kd3 62. Kc1 f5 63. Kd1 Rh1# 0-1

[Event "Detroit (MOR/2/36)"]
[Site "?"]
[Date "1994.??.??"]
[Round "?"]
[White "Whipple, Greg"]
[Black "Vaka, Flamur"]
[Result "0-1"]
[WhiteElo "1605"]
[BlackElo "1680"]
[PlyCount "43"]
[EventDate "1994.??.??"]

{2/(36)} 1. e4 e5 2. Nf3 Nc6 3. Bc4 Bc5 4. Nc3 Nf6 5. d3 h6 6. Be3 Bb6 7. Qd2
d6 8. h3 Be6 9. Bb3 d5 10. exd5 Nxd5 11. O-O-O Nxc3 12. Qxc3 Ba5 13. Qc5 Qd7
14. Nxe5 Nxe5 15. Qxe5 Bb6 16. Qxg7 O-O-O 17. Bxb6 axb6 18. Bxe6 Qxe6 19. b3
Rhg8 20. Qh7 Rxg2 21. Rd2 Qf6 22. Re2 0-1

[Event "Detroit (MOR/4/32)"]
[Site "?"]
[Date "1994.??.??"]
[Round "?"]
[White "Whipple, Greg"]
[Black "Marinelli, Philip"]
[Result "0-1"]
[WhiteElo "1605"]
[BlackElo "1685"]
[PlyCount "100"]
[EventDate "1994.??.??"]

{4/(32)} 1. e4 c5 2. Nf3 e6 3. d4 cxd4 4. Nxd4 a6 5. Nc3 Qc7 6. Be3 Nc6 7. Bc4
Bd6 8. Bb3 b5 9. Ndxb5 axb5 10. Nxb5 Qa5+ 11. c3 Be7 12. Nd6+ Bxd6 13. Qxd6 Qe5
14. Qxe5 Nxe5 15. Bd4 f6 16. O-O Nc6 17. Be3 Nge7 18. Bc2 d5 19. b4 Ba6 20.
Rfb1 Bc4 21. a4 Kd7 22. a5 Na7 23. Bxa7 Rxa7 24. b5 Rha8 25. b6 Ra6 26. Ba4+
Kd6 27. Bb5 Bxb5 28. Rxb5 Kc6 29. Rab1 Kb7 30. Rc5 Rc8 31. Rxc8 Nxc8 32. exd5
exd5 33. Rb5 Ne7 34. g3 Ra8 35. Kf1 Rb8 36. Rb3 Ka6 37. Ra3 Nc6 38. Ra1 Nxa5
39. Ke1 Rb7 40. Rd1 Rd7 41. Ke2 Kxb6 42. Ke3 Kc5 43. Rd4 Re7+ 44. Kd3 Nc4 45.
Rh4 g6 46. Rf4 f5 47. h3 h5 48. f3 Re3+ 49. Kc2 Re2+ 50. Kd3 Rd2# 0-1

[Event "Detroit (MOR/6/57)"]
[Site "?"]
[Date "1994.??.??"]
[Round "?"]
[White "Whipple, Greg"]
[Black "Choate, Dan"]
[Result "1-0"]
[WhiteElo "1605"]
[BlackElo "1605"]
[PlyCount "75"]
[EventDate "1994.??.??"]

{6/(57)} 1. d4 d5 2. e3 Nc6 3. Bd3 e5 4. c3 f5 5. dxe5 Nxe5 6. f4 Qh4+ 7. g3
Qg4 8. fxe5 Qxd1+ 9. Kxd1 g6 10. Nf3 Be7 11. c4 Be6 12. Nbd2 O-O-O 13. Nd4 dxc4
14. Nxe6 Rxd3 15. Ke2 b5 16. b3 Rc3 17. bxc4 bxc4 18. Nf3 Rc2+ 19. Kd1 Rc3 20.
Bd2 Rd3 21. Rc1 Bb4 22. Rxc4 Ba5 23. Rd4 Rxd4 24. exd4 Bb6 25. Ke2 Ne7 26. Bg5
Nd5 27. Rc1 h6 28. Nf4 Nxf4+ 29. Bxf4 g5 30. Be3 g4 31. Nh4 Rf8 32. d5 Bxe3 33.
Kxe3 Rd8 34. Nxf5 Re8 35. Kf4 h5 36. Nd6+ Kd7 37. Nxe8 Kxe8 38. Rxc7 1-0

[Event "Detroit (MCO/C/4/3)"]
[Site "?"]
[Date "1994.??.??"]
[Round "?"]
[White "Wheeler, R."]
[Black "Serwatowski, Felix"]
[Result "1-0"]
[WhiteElo "1605"]
[BlackElo "1605"]
[PlyCount "33"]
[EventDate "1994.??.??"]

{4/(3)} 1. e4 e5 2. Nf3 Nc6 3. d4 exd4 4. Nxd4 Nf6 5. Nc3 Bc5 6. Be3 O-O 7.
Nxc6 bxc6 8. Bxc5 Re8 9. Bd3 d6 10. Be3 d5 11. Bg5 Qd6 12. Bxf6 Qxf6 13. O-O
dxe4 14. Nxe4 Qh6 15. Qd2 Qe6 16. Rfe1 Bb7 17. Nc5 1-0

[Event "Detroit (Class C/3/18)"]
[Site "?"]
[Date "1994.??.??"]
[Round "?"]
[White "Wheeler, R."]
[Black "Moore, H."]
[Result "1/2-1/2"]
[WhiteElo "1605"]
[BlackElo "1605"]
[PlyCount "82"]
[EventDate "1994.??.??"]

{3/(18)} 1. e4 d6 2. Nc3 c5 3. Nf3 Nc6 4. Be2 g6 5. d4 Bg7 6. d5 Nd4 7. O-O Nh6
8. Nxd4 cxd4 9. Nb5 Qb6 10. Bxh6 Bxh6 11. Qxd4 Qxd4 12. Nxd4 O-O 13. h3 a6 14.
c3 Bd7 15. f4 f5 16. Ne6 Bxe6 17. dxe6 Rac8 18. exf5 Rxf5 19. g3 b5 20. Rad1
Bg7 21. g4 Rfc5 22. Bf3 a5 23. Rd2 b4 24. cxb4 axb4 25. Kg2 R8c7 26. Bd5 Kh8
27. f5 Bf6 28. fxg6 hxg6 29. h4 Kg7 30. g5 Be5 31. Rf7+ Kg8 32. Bb3 Ra7 33.
Rdf2 Rc8 34. Kf3 Rb8 35. Kg4 Bg7 36. h5 gxh5+ 37. Kxh5 Rd8 38. Rd2 Rb7 39. Kg6
Be5 40. Kh5 Rc7 41. Bc2 Bg7 1/2-1/2

[Event "Detroit (MCO/C/6/5)"]
[Site "?"]
[Date "1994.??.??"]
[Round "?"]
[White "Wheeler, R."]
[Black "McNeil, Yaking"]
[Result "0-1"]
[WhiteElo "1605"]
[BlackElo "1605"]
[PlyCount "82"]
[EventDate "1994.??.??"]

{6/(5)} 1. e4 c5 2. Nf3 Nc6 3. d4 cxd4 4. Nxd4 e5 5. Nf5 Nf6 6. Bg5 Qa5+ 7. Bd2
Qb6 8. Nc3 Bc5 9. Nxg7+ Kf8 10. Nf5 Bxf2+ 11. Ke2 Nd4+ 12. Nxd4 Qxd4 13. Bh6+
Kg8 14. Qxd4 Bxd4 15. h3 Bxc3 16. bxc3 Nxe4 17. Kf3 Nxc3 18. Bd3 d5 19. Kg3 f5
20. Bd2 Ne4+ 21. Bxe4 fxe4 22. Rab1 b6 23. Rhf1 Kg7 24. Rb3 d4 25. Kh2 e3 26.
Bc1 Ba6 27. Rf5 Rae8 28. Ra3 Bb7 29. c3 Kg6 30. g4 h5 31. Rxh5 e2 32. Bd2 d3
33. Rg5+ Kf6 34. Rf5+ Ke6 35. c4 e4 36. Rb3 e3 37. Bc3 Kd7 38. Rf7+ Re7 39. Rf5
Be4 40. Rd5+ Bxd5 41. cxd5 d2 0-1

[Event "Detroit (MCO/C/2b/2)"]
[Site "?"]
[Date "1994.??.??"]
[Round "?"]
[White "Wheeler, R."]
[Black "James, Larry"]
[Result "1/2-1/2"]
[WhiteElo "1605"]
[BlackElo "1605"]
[PlyCount "146"]
[EventDate "1994.??.??"]

1. e4 c5 2. Nf3 d6 3. Nc3 a6 4. d4 cxd4 5. Nxd4 Nf6 6. Bd3 e5 7. Nde2 Be7 8.
O-O Nc6 9. Nd5 Nxd5 10. exd5 Nb4 11. Bc4 b5 12. Bb3 a5 13. a3 Na6 14. Be3 Bd7
15. c4 b4 16. a4 Nc5 17. Bxc5 dxc5 18. Bc2 Bg4 19. f3 Bh5 20. Ng3 Bg6 21. Ne4
Bxe4 22. Bxe4 Bd6 23. Qc2 g6 24. g4 Qg5 25. Qc1 Qxc1 26. Raxc1 O-O 27. h4 f5
28. gxf5 gxf5 29. Bd3 Be7 30. h5 Bg5 31. Rc2 Be3+ 32. Kh2 Ra7 33. Re1 Bd4 34.
Rg2+ Rg7 35. Ree2 h6 36. Rxg7+ Kxg7 37. Rg2+ Kh7 38. b3 Be3 39. Rg6 Bg5 40. Rc6
Be3 41. Rc7+ Kg8 42. Ra7 e4 43. fxe4 fxe4 44. Bxe4 Rf2+ 45. Kg3 Rb2 46. Bh7+
Kf8 47. d6 Rxb3 48. Rxa5 Rc3 49. Ra8+ Kf7 50. Bg8+ Kg7 51. Bd5 b3 52. d7 Bg5+
53. Kg4 b2 54. Rb8 Ra3 55. Rxb2 Rxa4 56. Rb8 Ra1 57. d8=Q Bxd8 58. Rxd8 Rg1+
59. Kf3 Kf6 60. Rd6+ Kg7 61. Rc6 Rg5 62. Rxc5 Rxh5 63. Rc6 Rg5 64. Kf4 Rg1 65.
Re6 h5 66. Be4 h4 67. Bf5 Rc1 68. Re4 Kf6 69. Kg4 Rg1+ 70. Kxh4 Kxf5 71. Re8
Kf4 72. Rf8+ Ke4 73. Rd8 Rc1 1/2-1/2

[Event "Detroit (MCO/DEU/7/4)"]
[Site "?"]
[Date "1994.??.??"]
[Round "?"]
[White "Wheeler, Jason"]
[Black "Williams, C."]
[Result "0-1"]
[WhiteElo "1605"]
[BlackElo "1605"]
[PlyCount "62"]
[EventDate "1994.??.??"]

{7/(4)} 1. e4 c5 2. Nf3 Nc6 3. Bc4 e6 4. Nc3 g6 5. d3 Bg7 6. Bd2 Nf6 7. Bb3 O-O
8. O-O Rb8 9. Bg5 d6 10. Qd2 Re8 11. a3 a6 12. Bh6 Bh8 13. Bg5 b5 14. h3 Qc7
15. Rfe1 Ne5 16. Nxe5 dxe5 17. f4 Nh5 18. Ne2 exf4 19. Nxf4 Nxf4 20. Bxf4 e5
21. Bg3 Rd8 22. Rf1 Rd7 23. Bd5 Bb7 24. Bxb7 Qxb7 25. Qc3 f6 26. Qxc5 Rc8 27.
Qf2 Qc6 28. Rac1 Bg7 29. Qd2 Qc5+ 30. Bf2 Qf8 31. Be3 Qf7 {[Remainder
illegible; 0-1, 43?]} 0-1

[Event "Detroit (MCO/DEU/4/7)"]
[Site "?"]
[Date "1994.??.??"]
[Round "?"]
[White "Wheeler, Jason"]
[Black "Rucker, Ed"]
[Result "1-0"]
[WhiteElo "1605"]
[BlackElo "1605"]
[PlyCount "144"]
[EventDate "1994.??.??"]

{4/(7)} 1. e4 e5 2. Nf3 Nc6 3. Bc4 h6 4. d3 Nf6 5. Bb5 Bc5 6. Bxc6 bxc6 7. Nxe5
O-O 8. O-O Bb7 9. Ng4 Nxg4 10. Qxg4 Bc8 11. Bxh6 Qf6 12. Bg5 Qg6 13. Qg3 f6 14.
Bf4 Qxg3 15. Bxg3 d6 16. c3 Be6 17. a4 a5 18. d4 Ba7 19. Nd2 Rab8 20. Rfb1 Rb7
21. b3 Rfb8 22. Ra3 f5 23. e5 d5 24. f4 c5 25. Bf2 c4 26. h3 Rc8 27. bxc4 Rxb1+
28. Nxb1 Rb8 29. Ra1 dxc4 30. Na3 Rb3 31. Nb5 Bb6 32. Be1 Bd7 33. Na3 Be6 34.
Bd2 c5 35. Nc2 Rb2 36. Rc1 cxd4 37. cxd4 Bd5 38. Bc3 Rb3 39. Ne3 Be6 40. Kf2
Ra3 41. Ke1 Rxa4 42. Ra1 Rxa1+ 43. Bxa1 a4 44. Kd2 Ba5+ 45. Kc2 Kf7 46. d5 Bc8
47. Nxc4 Be1 48. Nd6+ Ke7 49. Nxc8+ Kd7 50. Nb6+ Kc7 51. Nxa4 Bf2 52. Bc3 Kd7
53. Kd3 Kc7 54. d6+ Kc6 55. Bb4 Kb5 56. d7 Kxa4 57. d8=Q Kxb4 58. Qe7+ Bc5 59.
Qxg7 Kb3 60. h4 Bf2 61. h5 Kb2 62. h6 Kc1 63. h7 Kd1 64. Kc4 Be3 65. h8=R Bxf4
66. Rd8+ Bd2 67. Qd7 Ke1 68. Qxd2+ Kf1 69. Qd1+ Kf2 70. Rd2+ Kg3 71. Qf3+ Kh4
72. Rd4+ Kg5 1-0

[Event "Detroit (MCO/DEU/5/5)"]
[Site "?"]
[Date "1994.??.??"]
[Round "?"]
[White "Wheeler, Jason"]
[Black "Martell, Raul"]
[Result "0-1"]
[WhiteElo "1605"]
[BlackElo "1605"]
[PlyCount "128"]
[EventDate "1994.??.??"]

{5/(5)} 1. e4 e5 2. Nf3 Nc6 3. Bc4 Bc5 4. d3 d6 5. h3 Nf6 6. Bg5 O-O 7. O-O Be6
8. Bxe6 fxe6 9. Nc3 d5 10. exd5 exd5 11. Re1 Qe8 12. Bxf6 Rxf6 13. Nxd5 Rf7 14.
c3 Qe6 15. Ne3 Raf8 16. Nc4 Bd6 17. Nxd6 cxd6 18. Re3 g5 19. Qe2 g4 20. hxg4
Qxg4 21. Nh2 Qxe2 22. Rxe2 Ne7 23. Ng4 Nf5 24. Rae1 Rg7 25. Ne3 Nh4 26. g3 Nf3+
27. Kf1 Nxe1 28. Kxe1 Re8 29. Nc4 Rd7 30. d4 Ree7 31. dxe5 dxe5 32. Rxe5 Rxe5+
33. Nxe5 Re7 34. f4 Kg7 35. Kf2 h5 36. Nf3 Kf6 37. Nh4 Re6 38. Nf3 Ra6 39. a3
Rb6 40. b4 Kg6 41. Nd2 Kf5 42. c4 Rg6 43. b5 Kg4 44. Nf3 Rf6 45. Ne5+ Kf5 46.
Ke3 a6 47. bxa6 Rxa6 48. Kd4 Rxa3 49. Kc5 Rxg3 50. Kb6 Rb3+ 51. Kc5 h4 52. Nf7
h3 53. Nd6+ Kxf4 54. Nxb7 Rxb7 55. Kc6 Rh7 56. Kb6 h2 57. c5 h1=Q 58. c6 Qg1+
59. Kb5 Qa7 60. Kb4 Qb6+ 61. Kc4 Qxc6+ 62. Kd3 Rd7+ 63. Ke2 Qc2+ 64. Kf1 Rd1#
0-1

[Event "Romulus (RVO/2/24)"]
[Site "?"]
[Date "1994.??.??"]
[Round "?"]
[White "West, Tony"]
[Black "Woods, O."]
[Result "1-0"]
[WhiteElo "1605"]
[BlackElo "1605"]
[PlyCount "43"]
[EventDate "1994.??.??"]

{2/(24)} 1. d4 e6 2. c4 c6 3. e4 d5 4. Nc3 Nf6 5. Bg5 Be7 6. Bxf6 Bxf6 7. e5
Be7 8. c5 f6 9. f4 O-O 10. Bd3 fxe5 11. fxe5 b6 12. b4 Na6 13. Qb1 g6 14. Nf3
Rb8 15. b5 bxc5 16. dxc5 Nxc5 17. Bxg6 hxg6 18. Qxg6+ Kh8 19. h4 Rf5 20. Ng5
Qg8 21. Qh6+ Qh7 22. Qxh7# 1-0

[Event "Detroit (Class C/1/20)"]
[Site "?"]
[Date "1994.??.??"]
[Round "?"]
[White "West, Tony"]
[Black "Venia, Mike"]
[Result "1-0"]
[WhiteElo "1605"]
[BlackElo "1605"]
[PlyCount "69"]
[EventDate "1994.??.??"]

{1/(20)} 1. d4 Nf6 2. c4 g6 3. Nc3 d5 4. Bg5 Bg7 5. Nf3 Ne4 6. Bf4 Nxc3 7. bxc3
c6 8. cxd5 cxd5 9. Bxb8 Rxb8 10. Qa4+ Bd7 11. Qxa7 Qc7 12. Rc1 O-O 13. Qa3 Bb5
14. Nd2 Ra8 15. Qb3 Bc4 16. Nxc4 Qxc4 17. Qxc4 dxc4 18. Rc2 Rfc8 19. e4 b5 20.
Be2 Ra3 21. O-O Rca8 22. Ra1 Rb3 23. axb3 Rxa1+ 24. Bf1 cxb3 25. Rb2 b4 26.
cxb4 Bxd4 27. Rxb3 Ra2 28. Rf3 Rb2 29. b5 e5 30. g3 Rb4 31. Kg2 Kg7 32. g4 Bb6
33. Bd3 Rb3 34. Rxf7+ Kxf7 35. Bc4+ 1-0

[Event "Detroit (MCO/C/6/4)"]
[Site "?"]
[Date "1994.??.??"]
[Round "?"]
[White "West, Tony"]
[Black "Serwatowski, Felix"]
[Result "1-0"]
[WhiteElo "1605"]
[BlackElo "1605"]
[PlyCount "85"]
[EventDate "1994.??.??"]

{6/(4)} 1. d4 g6 2. c4 Bg7 3. e4 d6 4. Nf3 Nf6 5. Nc3 O-O 6. Be2 Nbd7 7. O-O c5
8. h3 cxd4 9. Nxd4 Nc5 10. Bf3 Rb8 11. b4 Ne6 12. Be3 Nxd4 13. Bxd4 a6 14. e5
dxe5 15. Bxe5 Ra8 16. Qe2 Nd7 17. Bxg7 Kxg7 18. Rad1 Qc7 19. Nd5 Qd8 20. Qxe7
Qxe7 21. Nxe7 Ne5 22. Bd5 Rb8 23. Rfe1 Kf6 24. Nxc8 Rfxc8 25. c5 b6 26. f4 Nd7
27. c6 Nf8 28. Rc1 Rc7 29. a4 Rbc8 30. b5 a5 31. Rcd1 h6 32. g4 Nh7 33. Be4 Nf8
34. Rd2 Ne6 35. f5 Nc5 36. Bc2 g5 37. Rd6+ Kg7 38. Kg2 Kh7 39. f6+ Kg8 40. Bf5
Ra8 41. Re7 Rxe7 42. fxe7 Re8 43. Rd8 1-0

[Event "Romulus (RVO/4/25)"]
[Site "?"]
[Date "1994.??.??"]
[Round "?"]
[White "West, Tony"]
[Black "Paul, Dennis"]
[Result "1-0"]
[WhiteElo "1605"]
[BlackElo "1605"]
[PlyCount "99"]
[EventDate "1994.??.??"]

{4/(25)} 1. d4 d5 2. c4 c6 3. cxd5 cxd5 4. Nc3 Nf6 5. Bf4 Nc6 6. e3 Bf5 7. Nge2
e6 8. Nb5 Bb4+ 9. Nec3 O-O 10. a3 Be7 11. Na2 a6 12. Nbc3 Qb6 13. b4 Ng4 14. h3
Nh6 15. Na4 Qd8 16. Nc5 b5 17. Nc1 a5 18. Bxb5 Nb8 19. N1d3 axb4 20. axb4 Rxa1
21. Qxa1 f6 22. O-O Nf7 23. g4 g5 24. gxf5 Qb6 25. Bxb8 Rxb8 26. fxe6 Nh6 27.
Bd7 Qd6 28. Qa6 Rb6 29. Qc8+ Bf8 30. Ba4 g4 31. Nd7 gxh3 32. Qxf8+ Qxf8 33.
Nxf8 Kxf8 34. Kh2 Rxe6 35. Nf4 Ra6 36. Bb3 Rb6 37. Nxd5 Rb7 38. Nxf6 Kg7 39.
Nd5 Ng4+ 40. Kxh3 h5 41. Rg1 Kh6 42. Rg2 Kg5 43. f3 Rh7 44. fxg4 hxg4+ 45. Kg3
Rh3+ 46. Kf2 Rf3+ 47. Kg1 g3 48. Bd1 Kg4 49. Bxf3+ Kxf3 50. b5 1-0

[Event "Detroit (MOR/4/14)"]
[Site "?"]
[Date "1994.??.??"]
[Round "?"]
[White "West, Tony"]
[Black "Moore, Robert"]
[Result "1-0"]
[WhiteElo "1605"]
[BlackElo "1750"]
[PlyCount "97"]
[EventDate "1994.??.??"]

{4/(14)} 1. d4 g6 2. c4 Bg7 3. e4 d6 4. Nf3 Nf6 5. Nc3 O-O 6. Bg5 Nbd7 7. Be2
c5 8. O-O a6 9. d5 Ng4 10. Qd2 f6 11. Bf4 Nge5 12. Nxe5 Nxe5 13. Bh6 Nf7 14.
Bxg7 Kxg7 15. f4 f5 16. Kh1 e5 17. exf5 Bxf5 18. g4 Bc8 19. fxe5 Nxe5 20. Rxf8
Qxf8 21. Rf1 Qe7 22. Qf4 Bd7 23. Ne4 Rf8 24. Qxf8+ Qxf8 25. Rxf8 Kxf8 26. Nxd6
b6 27. h3 Ke7 28. Ne4 Nf7 29. Kg2 Nd6 30. Kf3 Nxe4 31. Kxe4 Kd6 32. Kf4 h6 33.
h4 b5 34. b3 b4 35. g5 h5 36. Bxh5 gxh5 37. g6 Ke7 38. Kg5 Bg4 39. Kh6 Kf8 40.
Kh7 Bf5 41. d6 Ke8 42. Kh6 Kd7 43. Kxh5 Kxd6 44. g7 Bh7 45. Kh6 Bg8 46. Kg6 Ke6
47. h5 Bf7+ 48. Kh7 Kf6 49. h6 1-0

[Event "Eastpointe (US Am N/6/25)"]
[Site "?"]
[Date "1994.??.??"]
[Round "?"]
[White "West, Tony"]
[Black "McNeil, Yaking"]
[Result "0-1"]
[WhiteElo "1605"]
[BlackElo "1605"]
[PlyCount "60"]
[EventDate "1994.??.??"]

{6/(25)} 1. d4 c6 2. c4 d5 3. cxd5 cxd5 4. Nc3 e6 5. Bf4 Nc6 6. e3 Bb4 7. Nge2
Nge7 8. a3 Ba5 9. b4 Bc7 10. Bxc7 Qxc7 11. Rc1 Qd8 12. Ng3 O-O 13. Bd3 e5 14.
dxe5 Nxe5 15. Bxh7+ Kxh7 16. Qh5+ Kg8 17. Qxe5 Re8 18. Qd4 Be6 19. O-O Nc6 20.
Qd1 d4 21. exd4 Qxd4 22. Qc2 Bc4 23. Rfd1 Qe5 24. Nce4 Bd5 25. Re1 f5 26. Nc5
Qxe1+ 27. Rxe1 Rxe1+ 28. Nf1 Nd4 29. Qd3 Ne2+ 30. Qxe2 Rxe2 0-1